000 00788nam a2200241 a 4500
001 56518
003 BD-RjUL
005 20211209080415.0
008 161201s1950 nyuab 000 0 eng
035 _a(BD-RjUL)56642
040 _aDLC
_cCarP
_dBD-RjUL
_beng
041 _aeng
082 _223
_a330.9
_bBEF 1950
100 1 _aBengtson, Nels August,
_d1879- [from old catalog]
_9168082
245 1 0 _aFundamentals of economic geography /
_c[by] Nels A. Bengtson [and] William Vany Royen.
250 _a3d ed.
260 _aNew York :
_bPrentice-Hall,
_c1950.
300 _axxviii, 574 p. :
_billus., ;
_c26 cm.
650 0 _aEconomic geography.
_9168083
700 1 _aVan Royen, Willam,
_d1900- [from old catalog]
_ejoint author.
_9168084
942 _2ddc
_cBK
999 _c56518
_d56518